000 00384pab a2200145 454500
008 180718b1988 xxu||||| |||| 00| 0 eng d
100 _aSatya Paul
245 _aHousehold composition and the measurement of disparity in levels of living
260 _c1988
300 _a83-106
362 _aJan.-June
650 _aCost of Living
773 _aIndian Economic Review
909 _a6800
999 _c6800
_d6800